| 000 | 01149nam0a2200337 4500 | ||
|---|---|---|---|
| 001 | RU\NLR\BIBL_A\022174335 | ||
| 005 | 20240417103839.0 | ||
| 010 |
_a978-5-04-193112-4 _z2000 |
||
| 021 |
_aRU _bКН-П-24-008413 _9КН-П-24-0872 |
||
| 035 | _a(NLR Aleph) 022174335 | ||
| 090 |
_a12962058 _c12962058 |
||
| 100 | _a20240321d2024 u y0rusy50 ca | ||
| 101 | 1 |
_arus _ceng |
|
| 102 | _aRU | ||
| 105 | _aa z 000ay | ||
| 181 | 0 |
_ai3 _baxxe |
|
| 182 | 0 | _an | |
| 200 | 1 |
_aБоец _fС. Массери _g[перевод с английского Ю. Корнейчук] |
|
| 203 |
_aТекст _bвизуальный _cнепосредственный |
||
| 210 |
_aМосква _cЭксмо _d2024 (печ. 2023) |
||
| 215 |
_a379, [3] с. _cил. _d21 |
||
| 225 | 1 |
_aFreedom _iСтерлинг Фолс _vкн. 2 |
|
| 320 | _aДр. произведения авт. на 2-й с. | ||
| 333 | _a18+ | ||
| 686 | 1 | _aШ6(7США)67-440.4{Лх1979-60} | |
| 700 | 1 |
_aМассери _bС. _3RU\NLR\AUTH\770267269 |
|
| 942 | _cBOOK | ||
| 980 | _aNB | ||